[Event "79th ARM-ch 1st League 2018"]
[Site "Yerevan"]
[Date "2018.08.20"]
[Round "11"]
[White "Mkrtchyan, Sargis R"]
[Black "Harutyunian, Tigran K"]
[Result "0-1"]
[WhiteElo "2239"]
[BlackElo "2504"]
[Annotator "TA"]
[PlyCount "154"]
[EventDate "2018.08.09"]
[EventType "tourn"]
[EventCountry "ARM"]
[SourceTitle "playchess.com"]
[Source "ChessBase"]
[SourceQuality "1"]

{[%evp 28,154,12,2,4,0,12,0,0,7,12,19,26,9,30,15,20,11,51,66,55,-81,-69,-77,-69,-59,-62,-72,-66,-65,-80,-79,-8,-35,-31,-27,-28,-36,0,0,85,-38,-39,-38,-38,-45,0,-16,-16,-34,-20,-46,-41,-41,-38,-45,-45,-51,-49,-83,-78,-124,-117,-123,-111,-125,-125,-124,-124,-123,-72,-72,-72,-72,-72,-72,-72,-72,-72,-72,-72,-77,-72,-125,-125,-125,-131,-125,-124,-132,-132,-132,-132,-168,-168,-168,-127,-124,-70,-87,-60,-829,-822,-797,-90,-2285,-817,-29971,-29962,-29978,-29980,-29980,-29981,-29981,-29982,-29982,-29982,-29979,-29976,-29975,-29977,-29977,-29978,-29978,-29979,-29979,-29980,-29979,-29980]} 1. d4 Nf6 2. c4 e6 3. g3 d5 4. Nf3 Be7 5. Bg2 O-O 6. O-O Nbd7 7. Qc2 c6 8. Rd1 b6 9. Bf4 Bb7 10. Nc3 dxc4 11. Ne5 {E08: Katalanisch} Nd5 12. Nxc4 Nxf4 13. gxf4 Qc7 14. e3 Rac8 (14... Rad8 15. Rac1 c5 16. d5 exd5 17. Nxd5 Bxd5 18. Rxd5 b5 {½-½ (31) Swiercz,D (2654)-Ipatov,A (2665) Saint Louis 2018}) 15. Rac1 {LiveBook: 31 Partien} Rfd8 16. a3 a5 17. Qb1 Ba6 18. Ne4 Qb8 $146 ({Vorgänger:} 18... c5) 19. b4 axb4 20. axb4 Bb5 21. Rd2 Nf8 22. Ne5 f6 23. Nf3 Qb7 24. Bf1 (24. Ra2 $14 {behält die Oberhand.}) 24... Bxf1 $17 25. Kxf1 f5 26. Ng3 $1 c5 27. Ne5 cxd4 28. Rxc8 Qxc8 29. exd4 Rd5 ({Lieber} 29... Bf6 $17 {und nun wäre ...Lxe5 stark für Schwarz.} 30. Qb3 Qc1+ 31. Ke2 Bxe5 32. fxe5 Kh8) 30. b5 Bd6 31. Nc6 $1 Qe8 32. Re2 Qd7 33. Qb3 g6 ({Natürlich nicht} 33... Bxf4 $6 34. Ne7+ $1 {[%mdl 512]} Qxe7 35. Qxd5 $1 $16 {[%mdl 512]}) (33... Qf7 $11) 34. Rxe6 (34. Ra2 $16) 34... Qxe6 $15 35. Nd8 {[#]} Rxb5 $1 {[%mdl 512]} 36. Qxb5 Qa2 (36... Qd7 $5 {[%cal Rd7b5]} 37. Nc6 Ne6 $17) 37. Qxb6 Bxf4 {Und weiter mit ...Lg5 wäre nett.} 38. Qf6 Qd5 39. Kg1 Bc7 40. Nc6 {[%cal Rc6e7]} Bd6 $36 {[%mdl 2048] Weiss steht unter Druck.} 41. Ne5 Qe6 42. Qxe6+ Nxe6 {[%mdl 4096] Endspiel KLS-KSS} 43. Nc6 Nf4 44. Nf1 Kf7 45. Ne3 Ke8 46. Kf1 Kd7 47. Na5 Ne6 48. d5 {[#]} Nc7 (48... Nf4 $142 $1 49. Nac4 Bc5) 49. Kg2 $17 Bf4 50. Nac4 Bxe3 51. Nxe3 {[#] KS-KS} Kd6 $1 52. Kg3 Nxd5 53. Nc4+ Ke6 54. Nd2 Nf6 {Weiss muss nun ...Se4+ beachten.} 55. Kg2 ({Günstiger ist} 55. h4) 55... Ke5 56. Nf3+ Kf4 57. Nd4 Ne4 58. Ne2+ Ke5 59. Nc1 Nc5 60. Ne2 Ne6 61. Kg3 Ke4 {Droht ...f4+ und aus.} 62. Nc3+ Kd3 (62... Kd4 $17 63. Na2 Ke4 64. Nc3+ Ke5) 63. Nd5 $15 Ke2 64. Nf6 $2 {[%mdl 8192]} (64. h4 $15) 64... f4+ $19 {[%cal Bf5f4,Bf4f3][%mdl 32]} 65. Kg2 h5 $2 (65... f3+ $19 {und Schwarz behält klar die Oberhand.} 66. Kg3 Nc5) 66. h4 $2 {[%mdl 8192]} (66. Nd5 $17) 66... Nd4 (66... f3+ $142 67. Kg3 Nc5) 67. Nd5 f3+ {Schwarz setzt Matt.} 68. Kg1 Ke1 69. Ne7 Ne2+ 70. Kh2 Kxf2 71. Nxg6 Ke3 72. Ne7 f2 73. Kg2 {[#]} Ng3 $1 {[%mdl 512]} 74. Nd5+ (74. Kxg3 f1=Q) 74... Kd4 75. Kxf2 Ne4+ 76. Kf3 Kxd5 77. Kf4 Kd4 {Precision: Weiß = 46%, Schwarz = 64%.} 0-1

[Event "79th ARM-ch 1st League 2018"]
[Site "Yerevan"]
[Date "2018.08.20"]
[Round "11"]
[White "Hoghmrtsyan, Artur"]
[Black "Hayrapetyan, Hovik"]
[Result "0-1"]
[WhiteElo "2157"]
[BlackElo "2439"]
[Annotator "TA"]
[PlyCount "108"]
[EventDate "2018.08.09"]
[EventType "tourn"]
[EventCountry "ARM"]
[SourceTitle "playchess.com"]
[Source "ChessBase"]
[SourceQuality "1"]

{[%evp 26,108,43,59,72,10,66,74,79,78,115,85,91,29,41,20,26,30,15,0,33,20,20,20,20,20,20,0,0,-24,20,18,33,0,29,0,0,0,19,18,68,0,0,0,0,0,0,0,58,0,0,0,0,0,0,0,0,-8,0,0,0,0,0,0,0,0,0,0,0,-313,-164,-118,-1060,-850,-733,-29977,-29978,-29978,-29975,-29988,-29989,-29994,-29995,-29995,-29996]} 1. d4 Nf6 2. c4 e6 3. g3 c5 4. d5 exd5 5. cxd5 g6 6. Nc3 Bg7 7. Bg2 O-O 8. Nf3 Re8 9. O-O d6 10. Nd2 Nbd7 11. h3 a6 12. a4 {[%cal Ba2a4,Ba4a5][%mdl 32]} Nh5 13. e4 {A64: Benoni (mit 7.g3)} (13. Nce4 Bf8 14. Nc4 Ne5 15. Nxe5 Rxe5 16. Nd2 Re8 17. Nc4 f5 18. Re1 Bd7 19. a5 Bb5 20. Qc2 Bg7 {½-½ (36) Stupak,K (2573)-Efimenko,Z (2636) Abu Dhabi 2017}) 13... Rb8 14. a5 {LiveBook: 3 Partien} Ne5 {[#]} 15. Kh2 {[#]} (15. f4 $1 $16) 15... Nd3 $146 (15... f5 $11) ({Vorgänger:} 15... Bd7 16. f4 Nd3 17. Nc4 Nxc1 18. Nxd6 Re7 19. Qxc1 b5 20. axb6 Qxb6 {1-0 (47) Lei,T (2346)-Can,E (2520) Graz 2014}) 16. Nc4 $14 Nxc1 17. Rxc1 f5 18. exf5 Bxf5 19. Qd2 (19. g4 $16 Qg5 20. gxf5 Qf4+ 21. Kg1 Qxc4 22. Ne4) 19... Nf6 $11 {[%cal Bh5f6,Bf6d7,Bd7f8][%mdl 32]} 20. Rfe1 (20. Kg1 {is more complex.} h5 21. f3 Kh7 22. Rce1 Bh6 23. Qd1) 20... Rxe1 21. Rxe1 Qf8 22. Qd1 h5 23. Qb3 Nd7 24. Ne4 Bxe4 $1 25. Rxe4 Qxf2 26. Re6 Bd4 {[%csl Gd4][%cal Rf2g1]} 27. Qd1 Nf8 28. Re4 Qf6 29. Qf1 {[%mdl 1024] Weiss hat Kompensation.} Rd8 30. Rf4 Qe7 31. Re4 Qf7 32. Qe2 Qf6 33. Re7 (33. h4 $1 $14) 33... h4 34. Rxb7 hxg3+ 35. Kxg3 g5 {[%csl Gg5][%cal Rf6f4]} 36. Qf3 Be5+ (36... Qh6 $11) 37. Nxe5 (37. Kg4 $14) 37... Qxe5+ 38. Kf2 Rd7 39. Rxd7 $1 Qxb2+ 40. Kg1 {Droht Matt per Df7+.} Nxd7 41. Qf5 $132 {[%mdl 2048] Weiss puts up resistance} Qc1+ 42. Bf1 Ne5 43. Qe6+ Kg7 {Und ...Df4 würde nun gewinnen.} 44. Qxd6 Qe3+ 45. Kh1 c4 {[%cal Bc5c4,Bc4c3][%mdl 32] Droht ...c3 und aus.} 46. Qc7+ Kf6 47. Qc8 $2 {[%mdl 8192] [#]} (47. d6 $1 $11 {und Weiss steht sicher.}) 47... c3 $1 $19 {Weiss muss nun ...Sf3 beachten.} 48. Qe6+ $2 (48. Bg2) 48... Kg7 49. Qe7+ Kg6 {zielt auf ...De4+ ab.} 50. Qe8+ Kf5 {Schwarz setzt Matt.} 51. Qf8+ Ke4 52. Qb4+ Kf3 53. Bg2+ Kg3 54. Qb1 {[#]} c2 $1 {[%mdl 512] Precision: Weiß = 46%, Schwarz = 63%.} 0-1

[Event "79th ARM-ch 1st League 2018"]
[Site "Yerevan"]
[Date "2018.08.20"]
[Round "11"]
[White "Martirosyan, Garik"]
[Black "Hakobyan, Aram"]
[Result "0-1"]
[WhiteElo "2145"]
[BlackElo "2545"]
[Annotator "TA"]
[PlyCount "60"]
[EventDate "2018.08.09"]
[EventType "tourn"]
[EventCountry "ARM"]
[SourceTitle "playchess.com"]
[Source "ChessBase"]
[SourceQuality "1"]

{[%evp 20,60,25,29,50,21,14,16,25,0,0,-14,-14,-5,-15,-27,-8,-19,-29,-95,-88,-69,-67,-65,-76,-43,0,-34,-14,-29,0,0,0,-7,0,-146,-142,-382,-375,-477,-470,-29993,-522]} 1. d4 e6 2. c4 Nf6 3. Nc3 Bb4 4. Nf3 c5 5. e3 Bxc3+ 6. bxc3 d6 7. Bd3 Nc6 8. Nd2 {[%cal Bf3d2,Bd2f1,Bf1e3][%mdl 32]} e5 9. d5 Ne7 10. e4 h6 {E41: Nimzo-Indian: Rubinstein: 4...c5 5 Bd3, including Hübner Variation} (10... Ng6 11. h4 Bd7 12. g3 Qa5 13. Qb3 Ba4 14. Qxb7 O-O 15. Qb2 Rfb8 16. Qa3 Rb6 17. O-O Nf8 18. Nf3 {½-½ (54) Li,C (2744)-Rapport,R (2675) Tbilisi 2017}) 11. Nf1 {LiveBook: 6 Games} Ng6 12. g3 Bh3 $146 {The position is equal.} ({Predecessor:} 12... Bg4 13. f3 Bh3 14. Ne3 Nh7 15. Rb1 b6 16. Qe2 Qf6 17. Ng2 O-O 18. O-O {0-1 (55) Mirzoev,A (2533)-Pogorelov,R (2517) Seville 2003}) 13. Ne3 Qd7 14. Qf3 Ne7 15. Bd2 Ng4 16. Nxg4 Bxg4 17. Qe3 f5 18. exf5 (18. f3 {with more complications.} Bh3 19. exf5 Bxf5 20. Bxf5 Qxf5 21. O-O) 18... Bxf5 19. f4 (19. O-O $11) 19... O-O {...exf4 is the strong threat.} 20. fxe5 {[#] Black must now prevent e6.} Bxd3 21. Qxd3 dxe5 22. O-O-O Qa4 23. Rde1 Nf5 $36 {[%cal Be7f5,Bf5d6,Bd6c4][%mdl 2080] Black has the initiative.} 24. Rxe5 Nd6 25. Re7 {Threatens to win with Qg6.} Rf6 26. Qe2 Raf8 27. Bf4 (27. Re1 $1 $11) 27... Nxc4 $17 28. Rxb7 $2 (28. Qg4 $17 R6f7 29. Rhe1) 28... Qa3+ $19 29. Kd1 Qxc3 30. Qg4 {[#]} (30. Rb3 $19 Qd4+ 31. Kc2) 30... Rxf4 {Precision: White = 32%, Black = 50%.} (30... Ne3+ $142 31. Ke2 Qc2+ 32. Ke1 Nxg4 33. Re7 Qb1+ 34. Kd2 Qxh1 35. Re2 Rb6 36. d6 Rb2+ 37. Kc3 Rxe2 38. Bd2 Qe4 39. h3 Qb4+ 40. Kc2 Rxd2+ 41. Kc1 Rf1#) 0-1

[Event "79th ARM-ch 1st League 2018"]
[Site "Yerevan"]
[Date "2018.08.20"]
[Round "11"]
[White "Sargsyan, Tigran R"]
[Black "Sargsyan, Shant"]
[Result "1/2-1/2"]
[WhiteElo "2136"]
[BlackElo "2472"]
[Annotator "RC"]
[PlyCount "143"]
[EventDate "2018.08.09"]
[EventType "tourn"]
[EventCountry "ARM"]
[SourceTitle "playchess.com"]
[Source "ChessBase"]
[SourceQuality "1"]
[TimeControl "40/5400+30:1800+30"]

1. d4 {[%emt 0:00:00]} Nf6 {[%emt 0:00:30]} 2. Nf3 {[%emt 0:00:16]} d5 {[%emt 0:00:12]} 3. c4 {[%emt 0:00:21]} e6 {[%emt 0:00:06]} 4. Nc3 {[%emt 0:00:43]} Bb4 {[%emt 0:01:04]} 5. e3 {[%emt 0:00:47]} O-O {[%emt 0:01:31]} 6. Bd2 {[%emt 0:00:22]} Re8 {[%emt 0:05:32]} 7. Bd3 {[%emt 0:03:15]} b6 {[%emt 0:03:40]} 8. cxd5 {[%emt 0:03:41]} exd5 {[%emt 0:01:47]} 9. Rc1 {[%emt 0:00:35]} a6 {[%emt 0:03:29]} 10. Ne5 {[%emt 0:10:22]} Bb7 {[%emt 0:04:38]} 11. O-O {[%emt 0:07:28]} Bf8 {[%emt 0:05:05]} 12. f4 {[%emt 0:07:27]} c5 {[%emt 0:00:58]} 13. Be1 {[%emt 0:12:53]} Nc6 {[%emt 0:01:45]} 14. Bf2 {[%emt 0:06:47]} Rc8 {[%emt 0:05:57]} 15. Qf3 {[%emt 0:04:17]} b5 {[%emt 0:02:49]} 16. Bf5 {[%emt 0:12:32]} Rc7 {[%emt 0:02:51]} 17. Bh4 {[%emt 0:02:22]} Be7 {[%emt 0:17:14]} 18. Rcd1 {[%emt 0:15:04]} g6 {[%emt 0:06:21]} 19. Bb1 {[%emt 0:00:24]} cxd4 {[%emt 0:00:48]} 20. exd4 {[%emt 0:00:32]} Ne4 {[%emt 0:05:43]} 21. Bxe7 {[%emt 0:02:16]} Nxe7 {[%emt 0:00:20]} 22. Nxe4 {[%emt 0:00:58]} dxe4 {[%emt 0:00:06]} 23. Bxe4 {[%emt 0:00:28]} Bxe4 {[%emt 0:00:20]} 24. Qxe4 {[%emt 0:00:01]} Qd5 {[%emt 0:00:18]} 25. Qxd5 {[%emt 0:02:32]} Nxd5 {[%emt 0:00:03]} 26. Rd2 {[%emt 0:00:55]} Rd8 {[%emt 0:02:04]} 27. g3 {[%emt 0:00:54]} f6 {[%emt 0:00:56]} 28. Nf3 {[%emt 0:01:22]} Kf7 {[%emt 0:00:51]} 29. Re1 {[%emt 0:00:20]} a5 {[%emt 0:00:49]} 30. Ree2 {[%emt 0:01:03]} Rc1+ {[%emt 0:01:49]} 31. Kf2 {[%emt 0:00:25]} b4 {[%emt 0:00:53]} 32. a3 {[%emt 0:03:05]} bxa3 {[%emt 0:01:56]} 33. bxa3 {[%emt 0:00:01]} Rc3 {[%emt 0:00:43]} 34. a4 {[%emt 0:00:59]} Rc4 {[%emt 0:00:20]} 35. Rb2 {[%emt 0:01:09]} Rd7 {[%emt 0:00:46]} 36. Rec2 {[%emt 0:00:45]} Rxa4 {[%emt 0:00:20]} 37. Ra2 {[%emt 0:00:16]} Rxa2 {[%emt 0:00:35]} 38. Rxa2 {[%emt 0:00:01]} Ra7 {[%emt 0:00:05]} 39. Ra3 {[%emt 0:01:05]} a4 {[%emt 0:00:39]} 40. Ke2 {[%emt 0:00:00]} Rc7 {[%emt 0:00:00]} 41. Kd2 {[%emt 0:09:12]} Nb6 {[%emt 0:06:43]} 42. Ra2 {[%emt 0:01:12]} Nc4+ {[%emt 0:07:10]} 43. Kd3 {[%emt 0:02:22]} a3 {[%emt 0:00:38]} 44. Ne1 {[%emt 0:01:30]} Nb2+ {[%emt 0:12:45]} 45. Ke2 {[%emt 0:05:54]} Re7+ {[%emt 0:02:20]} 46. Kd2 {[%emt 0:06:50]} Nc4+ {[%emt 0:01:09]} 47. Kd3 {[%emt 0:00:51]} Rxe1 {[%emt 0:00:56]} 48. Kxc4 {[%emt 0:00:05]} Re3 {[%emt 0:00:03]} 49. d5 {[%emt 0:00:38]} Ke7 {[%emt 0:00:19]} 50. Kd4 {[%emt 0:01:36]} Rb3 {[%emt 0:03:35]} 51. Kc4 {[%emt 0:00:24]} Re3 {[%emt 0:01:50]} 52. Kd4 {[%emt 0:00:06]} Rf3 {[%emt 0:00:04]} 53. Re2+ {[%emt 0:00:12]} Kd7 {[%emt 0:00:13]} 54. Re6 {[%emt 0:00:10]} a2 {[%emt 0:01:03]} 55. Ra6 {[%emt 0:00:04]} Rf2 {[%emt 0:00:02]} 56. Ra7+ {[%emt 0:04:16]} Kd6 {[%emt 0:00:06]} 57. Ra6+ {[%emt 0:00:05]} Kc7 {[%emt 0:00:11]} 58. d6+ {[%emt 0:01:15]} Kb7 {[%emt 0:01:34]} 59. Ra3 {[%emt 0:00:09]} Kc6 {[%emt 0:02:07]} 60. Ra6+ {[%emt 0:00:03]} Kd7 {[%emt 0:00:12]} 61. Kc5 {[%emt 0:01:31]} Rxh2 {[%emt 0:07:35]} 62. Ra7+ {[%emt 0:00:31]} Ke6 {[%emt 0:00:07]} 63. Re7+ {[%emt 0:00:18]} Kf5 {[%emt 0:00:01]} 64. Ra7 {[%emt 0:00:16]} h5 {[%emt 0:01:10]} 65. Kc6 {[%emt 0:01:30]} Rc2+ {[%emt 0:02:42]} 66. Kd7 {[%emt 0:00:07]} g5 {[%emt 0:05:42]} 67. fxg5 {[%emt 0:00:13]} fxg5 {[%emt 0:00:02]} 68. Ke8 {[%emt 0:01:16]} Re2+ {[%emt 0:00:40]} 69. Kf7 {[%emt 0:00:15]} Rd2 {[%emt 0:00:26]} 70. Ke7 {[%emt 0:00:07]} Re2+ {[%emt 0:04:30]} 71. Kf7 {[%emt 0:00:04]} Rd2 {[%emt 0:00:19]} 72. Ke7 {[%emt 0:00:03]} 1/2-1/2

[Event "79th ARM-ch 1st League 2018"]
[Site "Yerevan"]
[Date "2018.08.21"]
[Round "12"]
[White "Hakobyan, Aram"]
[Black "Poghosyan, Suren"]
[Result "1/2-1/2"]
[WhiteElo "2545"]
[BlackElo "2301"]
[Annotator "TA"]
[PlyCount "81"]
[EventDate "2018.08.09"]
[EventType "tourn"]
[EventCountry "ARM"]
[SourceTitle "playchess.com"]
[Source "ChessBase"]
[SourceQuality "1"]

{[%evp 17,81,11,37,16,27,33,13,26,31,10,27,34,73,59,64,65,83,0,83,0,0,0,0,0,0,0,21,22,28,0,2,4,2,6,16,8,8,8,8,8,8,8,8,7,8,8,91,91,110,25,338,357,278,14,21,17,20,22,24,0,37,23,99,0,0,0]} 1. d4 Nf6 2. Nf3 e6 3. c4 d5 4. Nc3 Be7 5. Bg5 O-O 6. e3 h6 7. Bxf6 Bxf6 8. Qc2 c6 9. h4 {D55: Damengambit (Hauptvariante, Abweichungen - Alte Lasker-Variante, etc.)} g6 {LiveBook: 3 Partien} (9... c5 10. O-O-O cxd4 11. exd4 Nc6 12. g4 g6 13. g5 hxg5 14. hxg5 Bxg5+ 15. Kb1 Bf6 16. Bd3 Nb4 {½-½ (37) Salem,A (2638)-Kravtsiv,M (2672) Riadh 2017}) 10. g4 Bg7 $1 11. Ne5 {Weiß hat minimalen Vorteil.} Nd7 12. f4 Nxe5 13. fxe5 c5 $146 ({Vorgänger:} 13... g5 14. Bd3 gxh4 15. Ne2 dxc4 16. Qxc4 Qd5 17. Qxd5 exd5 {1-0 (63) Brilla Banfalvi,S-Anton,A Germany 1986}) 14. O-O-O cxd4 15. exd4 Bd7 16. g5 h5 $1 17. Rh2 (17. cxd5 $16 {d6 ist eine echte Drohung.} exd5 18. Bh3) 17... Qa5 {[#]} (17... dxc4 $11 {hält das Gleichgewicht.} 18. Bxc4 Rc8) 18. Kb1 ({Lieber} 18. cxd5 $1 $16 {Droht stark d6.} b5 19. dxe6 Bxe6 20. Bh3 (20. Bxb5 Rac8 $14)) 18... dxc4 $11 19. Bxc4 Rac8 20. Bb3 Bc6 21. Rf2 Qb4 22. a3 Qe7 23. Rdf1 b5 24. Ne4 Bxe4 25. Qxe4 Rc7 26. Re2 $36 {[%mdl 2048] Weiss hat Initiative.} Kh7 27. d5 exd5 28. Bxd5 Rc5 29. Ka2 a5 30. e6 fxe6 31. Rxf8 Bxf8 (31... Qxf8 $11 {bleibt in der Remisbreite.} 32. Qxe6 Qc8) 32. Bxe6 $16 {zielt auf Tf2 ab.} Qd6 33. Bf7 ({Günstiger ist} 33. Qb7+ $16 Bg7 34. Qa8) 33... Kg7 $2 {[%mdl 8192] [#]} (33... Rf5 $11 {und Schwarz steht sicher.} 34. Bb3 a4) 34. Rd2 $3 $18 {[%cal Rd2d6][%mdl 512]} Re5 (34... Qxd2 35. Qxg6+) 35. Qf3 $2 ({Nicht} 35. Rxd6 Rxe4 36. Bxg6 Bxd6 $11) (35. Qf4 $18 Rf5 36. Qxd6 (36. Rxd6 $2 {verliert.} Rxf4 37. Rxg6+ Kxf7 $19) 36... Bxd6 37. Be6 (37. Rxd6 Kxf7 38. Rd7+ Kf8 $11)) 35... Rf5 $11 36. Qd1 Qe5 37. Bb3 {Droht Td5 und aus.} a4 38. Rd7+ Be7 39. Bc2 Qe6+ (39... Rf4 $11) 40. Kb1 (40. Ka1 $16 Re5 41. Qd3) 40... Re5 $1 {[%cal Re5e1] Und weiter mit ...Te1 wäre nett.} 41. Qd4 {Precision: Weiß = 43%, Schwarz = 42%.} 1/2-1/2

[Event "79th ARM-ch 1st League 2018"]
[Site "Yerevan"]
[Date "2018.08.21"]
[Round "12"]
[White "Harutyunian, Tigran K"]
[Black "Martirosyan, Garik"]
[Result "1-0"]
[WhiteElo "2504"]
[BlackElo "2145"]
[Annotator "TA"]
[PlyCount "59"]
[EventDate "2018.08.09"]
[EventType "tourn"]
[EventCountry "ARM"]
[SourceTitle "playchess.com"]
[Source "ChessBase"]
[SourceQuality "1"]

{[%evp 20,59,3,0,12,0,9,0,17,0,10,-29,16,10,14,20,17,23,41,41,42,28,37,24,35,36,42,49,49,34,41,28,56,48,376,375,381,382,358,363,560,552]} 1. c4 e5 2. Nc3 d6 3. d4 exd4 4. Qxd4 Nf6 5. b3 Nc6 6. Qd2 g6 7. Bb2 Bg7 8. g3 O-O 9. Bg2 Bf5 10. Nf3 Ne4 {A21: English Opening: 1...e5 2 Nc3} 11. Nxe4 {[#] LiveBook: 6 Games. Hoping for Bxg7.} Bxb2 12. Qxb2 {Strongly threatening Nf6+.} Bxe4 {The position is equal.} 13. O-O {[#]} a5 $146 ({Predecessor:} 13... Re8 14. Nh4 Qe7 15. Rfe1 a5 16. Rad1 a4 17. Bxe4 Qxe4 18. Ng2 {1-0 (64) Kalka,A (2350)-Arencibia Rodriguez,W (2550) Recklinghausen 1998}) 14. Rfd1 Qe7 15. Rd2 Rfe8 16. Rad1 Ne5 17. Nd4 {[%cal Bf3d4,Bd4b5,Bb5c3][%mdl 32]} Bxg2 18. Kxg2 Qf6 19. Nb5 Rac8 20. h3 Nd7 21. Qc2 {[%cal Rb5d6] Nxd6! is the strong threat.} Qe5 22. Nc3 Nf6 23. Rd4 {[%cal Bd2d4,Bd4f4,Bf4f3][%mdl 32]} Re6 24. Rf4 Rce8 25. Rd3 {Black must now prevent Re3.} Nh5 26. Rff3 Nf6 $2 {[%mdl 8192]} ({Better is} 26... Qg5 $14) 27. Rde3 $18 Qd4 {[%cal Re6e3]} 28. Rf4 Qc5 {[#]} 29. Rxf6 $1 {[%mdl 512]} Qc6+ (29... Rxe3 $142 30. fxe3 Rxe3) (29... Rxf6 30. Rxe8+) 30. Rff3 {Precision: White = 51%, Black = 17%.} 1-0

[Event "79th ARM-ch 1st League 2018"]
[Site "Yerevan"]
[Date "2018.08.21"]
[Round "12"]
[White "Mikaelyan, Arman"]
[Black "Mkrtchyan, Sargis R"]
[Result "1-0"]
[WhiteElo "2496"]
[BlackElo "2239"]
[Annotator "TA"]
[PlyCount "71"]
[EventDate "2018.08.09"]
[EventType "tourn"]
[EventCountry "ARM"]
[SourceTitle "playchess.com"]
[Source "ChessBase"]
[SourceQuality "1"]

{[%evp 15,71,0,0,-41,-47,-61,18,11,23,21,52,39,99,98,104,86,89,86,187,156,149,165,205,211,194,140,273,209,207,193,211,216,270,266,254,242,258,235,266,101,247,170,337,171,496,466,729,709,831,828,820,816,1075,1066,1054,1005,1764,1303]} 1. e4 c5 2. Nc3 a6 3. Nf3 d6 4. d4 cxd4 5. Nxd4 Nf6 6. Bg5 e6 7. f4 Qb6 8. a3 Nbd7 {LiveBook: 41 Games. B97: Sicilian Najdorf: Poisoned Pawn} (8... Nc6 9. Nb3 Be7 10. Qd2 O-O 11. O-O-O Rd8 12. Bd3 h6 13. h4 Bd7 14. Qe2 Kf8 15. e5 dxe5 16. fxe5 hxg5 17. exf6 Bxf6 18. hxg5 Bxg5+ {1-0 (35) Nakamura,H (2786)-Nepomniachtchi,I (2751) Moscow 2017 CBM 179 [Yermolinsky,A]}) 9. Bxf6 (9. f5 {feels hotter.} exf5 10. exf5 Be7 11. Bc4 d5 12. Bb3) 9... Nxf6 10. Qd2 Qc7 (10... Qxb2 11. Nb3 $16) (10... e5 $15 11. Nb3 Be6) 11. O-O-O Be7 12. g4 Nd7 $146 ({Predecessor:} 12... Nxg4 13. Rg1 Nf6 14. Rxg7 Bd7 15. Bh3 Nh5 {0-1 (40) Rogers,I (1865)-Petursson,M (2390) Groningen 1976}) 13. g5 b5 ({Black should play} 13... Nb6 $14) 14. h4 $16 Rb8 15. Be2 Nb6 16. Kb1 d5 (16... h6 $16) 17. exd5 $18 exd5 18. f5 O-O {[#]} 19. f6 $1 {[%cal Rf6e7][%mdl 512]} Bd6 (19... gxf6 20. gxf6) 20. fxg7 (20. h5 $18) 20... Re8 (20... Kxg7 $16 {might work better.} 21. Nf3 Kg8) 21. g6 fxg6 {[#]} 22. h5 $1 {[%cal Rh5g6]} Bf4 23. Qe1 {Hoping for hxg6.} Qxg7 {Black wants to play ...g5.} 24. hxg6 hxg6 ({Don't go for} 24... Qxg6 $2 25. Rg1 $18) 25. Qh4 Be5 26. Bf3 Bf6 27. Qh2 $2 (27. Qf2 $18 {is more deadly.}) 27... Be5 (27... Rb7 $16 {was worth a try.} 28. Nce2 Rd8) 28. Qg2 {[%mdl 1024] White has strong compensation.} Bb7 $2 (28... Bd7 {was called for.}) 29. Rh4 (29. Nxd5 $142 Nc4 30. c3) 29... Rbd8 $2 (29... Bxd4 30. Rhxd4 Rbd8) 30. Rg4 {White is clearly winning.} Kf7 (30... Rd6 $142 31. Nf5 gxf5 32. Rxg7+ Bxg7) 31. Rf1 ({Weaker is} 31. Be2 Bxd4 32. Rdxd4 Re6 $14) 31... Bf6 {[#]} 32. Nf5 $1 {[%mdl 512]} Qh7 (32... gxf5 33. Rxg7+) 33. Rh1 Re1+ 34. Rxe1 gxf5 35. Rg3 Bxc3 36. Rh1 {Precision: White = 57%, Black = 19%.} 1-0

[Event "79th ARM-ch 1st League 2018"]
[Site "Yerevan"]
[Date "2018.08.21"]
[Round "12"]
[White "Sargsyan, Shant"]
[Black "Babujian, Levon"]
[Result "1-0"]
[WhiteElo "2472"]
[BlackElo "2459"]
[Annotator "TA"]
[PlyCount "83"]
[EventDate "2018.08.09"]
[EventType "tourn"]
[EventCountry "ARM"]
[SourceTitle "playchess.com"]
[Source "ChessBase"]
[SourceQuality "1"]

{[%evp 15,83,-1,32,2,11,-2,0,0,-14,0,0,0,0,0,0,0,0,0,0,6,30,18,15,0,0,0,55,0,0,0,0,0,95,64,76,98,35,0,0,0,0,0,0,0,0,14,18,34,158,161,593,585,591,589,591,580,558,555,539,478,371,364,341,349,2205,2101,29978,29975,29983,29983]} 1. d4 Nf6 2. c4 g6 3. Nc3 d5 4. cxd5 Nxd5 5. e4 Nxc3 6. bxc3 Bg7 7. Be3 O-O 8. Qd2 b6 {LiveBook: 4 Games. D85: Exchange Grünfeld: Unusual White 7th moves and lines with 7 Nf3} (8... c5 9. Rc1 Qa5 10. Nf3 Bg4 11. d5 Nd7 12. c4 Qa3 13. Ng5 Nb6 14. h3 Bd7 15. Bd3 Na4 16. O-O Rac8 17. f4 b5 18. e5 bxc4 19. Bxc4 {½-½ (57) Swiercz,D (2665)-Dragun,K (2594) Poznan 2016}) 9. Bd3 $146 ({Predecessor:} 9. Nf3 Bb7 10. Bd3 Nd7 11. Bh6 e5 12. O-O Qe7 13. Rfe1 Rad8 14. Rad1 Rfe8 15. Bxg7 {½-½ (15) Velicka,P (2441)-Chekletsov,I (2378) Ceske Budejovice 2017}) 9... c5 10. Ne2 Nc6 {[%cal Rc5d4] The position is equal.} 11. e5 Bb7 12. O-O e6 13. Rad1 Rc8 14. Be4 Qc7 15. Ng3 Rfd8 16. Qe2 Qe7 17. Qg4 cxd4 18. cxd4 Qb4 19. Rd2 Ba6 20. Rfd1 h5 (20... Na5 $11) 21. Nxh5 (21. Qg5 $1 $14 Ne7 22. Rc2) 21... gxh5 $11 22. Qxh5 {Bh6 is the strong threat.} Kf8 23. a3 Qxa3 (23... Qa4 $1 $11 {remains equal.}) 24. h4 $16 Ne7 25. Qh7 Rc1 26. h5 {[#] And now Rxc1 would win.} Rxd1+ 27. Rxd1 Bxe5 $1 28. Bg6 $1 fxg6 29. hxg6 $40 {[%csl Gg6][%cal Rh7f7][%mdl 128] White attacks.} Bg7 30. Bh6 {Qh8+ would kill now.} Ke8 $1 ({Don't go for} 30... Nf5 $2 31. Qh8+ Ke7 32. Bg5+ Kd7 33. Qxd8+ Kc6 34. Rc1+ Qxc1+ 35. Bxc1 $18) 31. Qxg7 {Strongly threatening Qf7+.} Qb3 ({Black should play} 31... Bb7 $1 $14 32. Bg5 Kd7) 32. Ra1 Rd5 $2 (32... Qb2 33. Re1 (33. Rxa6 Qb1+ 34. Kh2 Qxg6 $16) 33... Kd7) 33. Qf7+ $18 Kd8 {Hoping for ...Rf5.} 34. g7 Rf5 35. g8=Q+ Nxg8 36. Qxg8+ Kd7 {intending ...Qb2.} 37. Qg7+ Kc6 38. Rc1+ ({Not} 38. Rxa6 Qd1+ 39. Kh2 Rh5+ 40. Kg3 Qd3+ 41. Kg4 Qf5+ 42. Kg3 Qd3+ 43. Be3 Qxa6 $11) 38... Bc4 39. Qxa7 b5 $2 (39... Ra5 40. Qe7 Kb5) 40. Qa8+ Kb6 41. Ra1 b4 {[#]} 42. d5 $1 {[%mdl 512] Precision: White = 71%, Black = 50%.} 1-0